000 00553nam a22001817a 4500
005 20251108170541.0
008 250721s9999 xx 000 0 ara d
082 1 4 _aط/511/شار
100 1 _aالشاروني، يعقوب
245 1 0 _aطفولة الأعداد /
264 1 _aالقاهره :
_bالدار المصرية اللبنانية،
_c[19-].
300 _a15ص.
490 0 _aطفولة كل شىء
_v4
650 1 7 _aالحساب
653 _aاطفال مرحلة متوسطة (6-9)سنوات
942 _2ddc
_cBK
999 _c43271
_d43271